ا با بیلیں لو ٹ آ ہن گی (Record no. 140338)
[ view plain ]
| 000 -LEADER | |
|---|---|
| fixed length control field | 00670nam a22002177a 4500 |
| 005 - DATE AND TIME OF LATEST TRANSACTION | |
| control field | 20170523152813.0 |
| 008 - FIXED-LENGTH DATA ELEMENTS--GENERAL INFORMATION | |
| fixed length control field | 090109t xxu||||| |||| 00| 0urd d |
| 010 ## - LCCN (DPL NO) | |
| LC control number | B-29226 |
| 020 ## - INTERNATIONAL STANDARD BOOK NUMBER | |
| Terms of availability | 175.00 |
| 035 ## - SYSTEM CONTROL NUMBER | |
| System control number | B-29226 |
| 037 ## - SOURCE OF ACQUISITION | |
| Source of stock number/acquisition | BPPD |
| 040 ## - CATALOGING SOURCE | |
| Original cataloging agency | DPL |
| Language of cataloging | Urdu |
| 082 ## - DEWEY DECIMAL CLASSIFICATION NUMBER | |
| Classification number | ک |
| 100 ## - MAIN ENTRY--PERSONAL NAME | |
| Personal name | تر نم ر یا ض |
| 245 ## - TITLE STATEMENT | |
| Title | ا با بیلیں لو ٹ آ ہن گی |
| Statement of responsibility, etc | تر نم ر یا ض |
| 246 ## - VARYING FORM OF TITLE | |
| Title proper/short title | Ababilein Lot Aaein Gi |
| Remainder of title | By Taranum Riaz |
| 260 ## - PUBLICATION, DISTRIBUTION, ETC. (IMPRINT) | |
| Place of publication, distribution, etc | New Delhi |
| Name of publisher, distributor, etc | Nirali Duniya Publications |
| Date of publication, distribution, etc | 2000 |
| 270 ## - ADDRESS | |
| Address | 358-A,Bazar Dehli Gate,Darya Ganj, |
| City | New Delhi |
| Postal code | 110002 |
| Telephone number | 0113276094 |
| 300 ## - PHYSICAL DESCRIPTION | |
| Extent | 208ص |
| Dimensions | 22 cm(hb) |
| 942 ## - ADDED ENTRY ELEMENTS (KOHA) | |
| Source of classification or shelving scheme | Dewey Decimal Classification |
| Item type | Urdu Bks |
| Classification part | ک |
| Call number suffix | ت ر ن |
| Withdrawn status | Lost status | Source of classification or shelving scheme | Damaged status | Not for loan | Collection code | Home library | Current library | Date acquired | Source of acquisition | Cost, normal purchase price | Total Checkouts | Full call number | Barcode | Date last seen | Copy number | Cost, replacement price | Koha item type |
|---|---|---|---|---|---|---|---|---|---|---|---|---|---|---|---|---|---|
| Withdrawn | Dewey Decimal Classification | Not For Loan | Fiction | Central Library | Central Library | 23/05/2017 | BPPD | 175.00 | ک ت ر ن | B-29226 | 23/05/2017 | 1 | 175.00 | Urdu Bks |
